Кой е престъпник и бунтовник или кой съсипва реда и мира, собствеността и морала, вярата и семейството (Запис номер 161842)
[ съкратено ]
| 000 -Лидер | |
|---|---|
| Контролно поле с фиксирана дължина | nam a22 a 4500 |
| 003 - Код на организацията, давaща контролен номер | |
| Контролно поле | BLK |
| 005 - Дата и час на последна редакция | |
| Контролно поле | 20201013134848.0 |
| 008 - Елементи от данни с фиксирана дължина | |
| fixed length control field | 180410b bul|||||r ||||||| ||bul|| |
| 010 ## - Наследен системен номер | |
| LC control number | KNG00169204000 |
| 040 ## - Източник на каталожния запис | |
| Идентификатор на билиотеката - собственик на записа | BLK |
| 041 ## - Код за език | |
| Код за езика на текст/звукозапис или на отделно заглавие | Български |
| Код за езика КДБФ | Български |
| 080 ## - УДК | |
| Текстов определител УДК | Съвременни форми на власт и управление |
| УДК код - определител по УДК | 321.6/.8 |
| УДК - код + определител | 321.6/.8 |
| 080 ## - УДК | |
| Текстов определител УДК | Общество (в цялост). Обществото като система. - Обществено развитие в цялост. Социология на отделните обществени системи |
| УДК код - определител по УДК | 316.32 |
| УДК - код + определител | 316.32 |
| 100 1# - Редна дума - Автор | |
| Автор | Пелагич, Васа |
| Авторска отговорност | първи автор |
| R(LIN) | 379037 |
| 139 ## - Редно поле | |
| Редна дума | Пелагич, Васа |
| Авторски знак | Пеи - П 33 |
| 245 10 - Сведения за заглавието | |
| Заглавие | Кой е престъпник и бунтовник или кой съсипва реда и мира, собствеността и морала, вярата и семейството |
| Редно поле (дума) | Васа Пелагич; прев. от сръб. Георги Иванов Бакалов. |
| 257 ## - Страна на издаване | |
| Страна на създаване/издаване | Сърбия |
| 260 ## - Област на издателските данни | |
| Година на издаване | 1895 |
| Печатница | Ямбол : Светлина |
| Място на издаване, разпространение и проч. | Ямбол |
| 300 ## - Физическа характеристика | |
| Страници | 32 с. |
| Илюстрации и др. | 1 л. портр. |
| Размери/Мащаб | 15 см |
| 380 ## - Жанр | |
| Жанр | Обществени науки |
| 490 1# - СЕРИИ (Колекции) | |
| Име на серия | Библиотека Работнически другар |
| №: серия | № 8 |
| 490 ## - СЕРИИ (Колекции) | |
| Име на серия | Колекция Редки и ценни издания |
| 9 (RLIN) | 435080 |
| 500 ## - Общи забележки | |
| Забележка | Пълното име на прев. Георги Иванов Бакалов |
| 650 #4 - Допълнително описание по предмет – тема | |
| Основно описание – тема или топоним | Обществени отношения |
| 9 (RLIN) | 261471 |
| 650 #4 - Допълнително описание по предмет – тема | |
| Основно описание – тема или топоним | Власт - философско-социологически анализ |
| 9 (RLIN) | 259006 |
| 653 ## - Ключова дума – ненормативна | |
| Ключова дума | обществени отношения |
| 653 ## - Ключова дума – ненормативна | |
| Ключова дума | обществено съзнание |
| 653 ## - Ключова дума – ненормативна | |
| Ключова дума | обществено управление |
| 700 1# - Други автори (авторска отговорност) | |
| Лично име | Бакалов, Георги Иванов |
| Автороска отговорност (Описва отношението между автора и произведението) | прев. от сръб. |
| 9 (RLIN) | 370516 |
| 852 ## - Местоположение | |
| Форматна сигнатура | Рб 895 |
| Фондова буква | Редки и ценни |
| 856 4# - Електронен адрес и достъп | |
| Електронен формат | pdf - файл |
| 856 4# - Електронен адрес и достъп | |
| Електронен формат | pdf - файл |
| 999 ## - СИСТЕМНИ КОНТРОЛНИ НОМЕРА | |
| Koha biblionumber | 161842 |
| Koha biblioitemnumber | 161842 |
| 942 ## - АРТИКУЛИ | |
| Вид на библиотечния материал | Книги |
| Скрит в OPAC | Не |
| Периодичен библиозапис | Да |
| 944 ## - СЪЗДАВАНЕ И РЕДАКЦИЯ на ЗАПИСА | |
| Създаване/Редакция | Създаване |
| Дата на регистрацията/редакция | 07.01.2015 |
| Служител, извършил регистрацията/редакцията | Наталия_Медовщикова |
| 944 ## - СЪЗДАВАНЕ И РЕДАКЦИЯ на ЗАПИСА | |
| Създаване/Редакция | Редакция |
| Дата на регистрацията/редакция | 07.01.2015 |
| Служител, извършил регистрацията/редакцията | Наталия_Медовщикова |
| 999 ## - СИСТЕМНИ КОНТРОЛНИ НОМЕРА | |
| Koha biblioitemnumber | 161842 |
| Код за отписване | Код за изгубен артикул | Източник на класификационната схема | Код за повреда | Коз за рестрикции | Код за отдаване | Артикулен № | Име на библиотеката - собственик | Име на библиотеката, в която се намира в момента | Статус (Текущо местоположение) | Дата на вписване в системата | Местоположение - отдел | Цена в лева | Инвентарен номер | Систематично азбучна сигнатура | Баркод | Номер на екземпляра | Цена в евро | Служебна бележка | Служебен тип на артикула |
|---|---|---|---|---|---|---|---|---|---|---|---|---|---|---|---|---|---|---|---|
| Не е изгубен | Universal Decimal Classification | Не е повреден | само за читалня | Специални фондове ( старопечатни, редки и ценни, фонд М. Арнаудов) | 270336 | Регионална библиотека "Любен Каравелов" Русе | Регионална библиотека "Любен Каравелов" Русе | Редки и ценни | 1947-01-01 | Редки и ценни | 0.02 | 14284 | Рб 895 | 900000021181 | 1 | 0.01 | Дост: DA N: стар фонд Дата: 01.01.1947 Дата инв: 15.12.2016 Бележки инв: Рц2016 | Книги |